Balanced Scorecard - strategický systém umožňujúci komplexný prístup k rozhodovaniu
Metóda Balanced Scorecard (BSC) ako nový prístup k podnikovému riadeniu - definícia. Stratégia a kľúčové dimenzie. Atribúty metódy BSC. Komunikačný proces. Strategická spätná väzba.
Gespeichert in:
| 1. Verfasser: | |
|---|---|
| Format: | Buchkapitel |
| Sprache: | Slowakisch |
| Schlagworte: | |
| Tags: |
Keine Tags, Fügen Sie das erste Tag hinzu!
|
MARC
| LEADER | 00000naa$a2200000$$$4500 | ||
|---|---|---|---|
| 001 | 0015107 | ||
| 005 | 20220810094357.9 | ||
| 041 | 0 | |a slo | |
| 044 | |a SK | ||
| 245 | 1 | 0 | |a Balanced Scorecard - strategický systém umožňujúci komplexný prístup k rozhodovaniu |c Aneta Hintošová |
| 520 | |a Metóda Balanced Scorecard (BSC) ako nový prístup k podnikovému riadeniu - definícia. Stratégia a kľúčové dimenzie. Atribúty metódy BSC. Komunikačný proces. Strategická spätná väzba. | ||
| 610 | 2 | 0 | |a riadenie podnikové |
| 610 | 2 | 0 | |a metóda BSC |
| 610 | 2 | 0 | |a riadenie strategické |
| 610 | 2 | 0 | |a metódy riadenia |
| 610 | 2 | 0 | |a definície |
| 100 | 1 | |a Hintošová, Aneta, 1979- | |